00345nam a2200133Ia 4500008004000000020001800040082001600058100003300074245004100107250000500148260003500153300001300188650001000201210210b2004 xxu||||| |||| 00| 0 eng d a81 297 0390 4 a574.88 WATM aWATSON (James D) and others. aMolecular biology of the gene. Ed 5. a aDelhibPearson Educationc2004 axxvi,732 aGene